[Event "Helsingor Xtracon op"]
[Site "Helsingor"]
[Date "2018.07.25"]
[Round "6"]
[White "Stage Steffensen, Theo"]
[Black "O'Gorman, Brendan"]
[Result "1/2-1/2"]
[WhiteElo "1697"]
[BlackElo "1514"]
[PlyCount "45"]
[EventDate "2018.07.21"]
[EventType "swiss"]
[EventRounds "10"]
[EventCountry "DEN"]
[SourceTitle "CBM 185 Extra"]
[Source "ChessBase"]
[SourceDate "2018.07.29"]
[SourceVersion "1"]
[SourceVersionDate "2018.07.29"]
[SourceQuality "1"]

1. e4 c6 2. d4 d5 3. exd5 cxd5 4. Bd3 Nc6 5. c3 Nf6 6. Bf4 e6 7. Nd2 Bd6 8. Bg3 0-0 9. Qc2 e5 10. dxe5 Nxe5 11. Bxe5 Bxe5 12. Ngf3 Re8 13. 0-0 Bc7 14. Nd4 a6 15. Rfe1 Bb6 16. N2f3 Bg4 17. Ne5 Be6 18. Nxe6 Rxe6 19. Rad1 Qd6 20. Nf3 h6 21. h3 Rc8 22. Rxe6 fxe6 23. Re1 1/2-1/2

[Event "Bronshoj Lang Weekend"]
[Site "Copenhagen"]
[Date "2018.02.18"]
[Round "7"]
[White "Stage Steffensen, Theo"]
[Black "Nielsen, Angelo"]
[Result "1-0"]
[WhiteElo "1617"]
[BlackElo "1659"]
[PlyCount "65"]
[EventDate "2018.02.15"]
[EventType "swiss"]
[EventRounds "7"]
[EventCountry "DEN"]
[SourceTitle "CBM 183 Extra"]
[Source "ChessBase"]
[SourceDate "2018.04.19"]
[SourceVersion "1"]
[SourceVersionDate "2018.04.19"]
[SourceQuality "1"]

1. e4 d6 2. d4 Nf6 3. Nc3 g6 4. Nf3 Bg7 5. Bc4 0-0 6. Be3 Nc6 7. Qd2 Nd7 8. Bh6 Nb6 9. Bd3 e5 10. d5 Nb4 11. Be2 Bxh6 12. Qxh6 f6 13. 0-0-0 a5 14. h3 Qe8 15. g4 Na4 16. Bb5 Nxa2+ 17. Kd2 Bd7 18. Bxa4 Nxc3 19. Bxd7 Nxe4+ 20. Ke3 Qxd7 21. Kxe4 f5+ 22. Ke3 f4+ 23. Ke2 Qb5+ 24. Ke1 Qc4 25. Ng5 Rf7 26. Nxf7 Kxf7 27. Qxh7+ Kf6 28. g5+ Kf5 29. Qf7+ Ke4 30. Qxg6+ Kf3 31. Qh5+ Ke4 32. f3+ Ke3 33. Rd3+ 1-0

[Event "Bronshoj Lang Weekend"]
[Site "Copenhagen"]
[Date "2018.02.17"]
[Round "5"]
[White "Stage Steffensen, Sander"]
[Black "Stage Steffensen, Theo"]
[Result "1-0"]
[WhiteElo "1913"]
[BlackElo "1617"]
[PlyCount "66"]
[EventDate "2018.02.15"]
[EventType "swiss"]
[EventRounds "7"]
[EventCountry "DEN"]
[SourceTitle "CBM 183 Extra"]
[Source "ChessBase"]
[SourceDate "2018.04.19"]
[SourceVersion "1"]
[SourceVersionDate "2018.04.19"]
[SourceQuality "1"]

1. e4 e5 2. Nf3 Nc6 3. Bc4 Bc5 4. Nc3 a5 5. d3 Nf6 6. 0-0 d6 7. h3 h6 8. Be3 Bb6 9. Bxb6 cxb6 10. d4 Bd7 11. dxe5 Nxe5 12. Nxe5 dxe5 13. Qd6 Qe7 14. Qxb6 0-0 15. Rad1 Bc6 16. Qe3 Qb4 17. b3 b5 18. Bd5 Nxd5 19. exd5 Bb7 20. a4 Rac8 21. Nxb5 Ba6 22. c4 f6 23. Rb1 Rfd8 24. Qc3 Qe7 25. Qxa5 Ra8 26. Nc7 Ra7 27. Nxa6 Rda8 28. Qc5 Qxc5 29. Nxc5 Kf7 30. Ne4 Rd8 31. b4 Rxa4 32. Nc5 Ra7 33. Ra1 Rc7 1-0

[Event "Bronshoj Lang Weekend"]
[Site "Copenhagen"]
[Date "2018.02.17"]
[Round "4"]
[White "Stage Steffensen, Theo"]
[Black "Kakulidis, Ellen"]
[Result "0-1"]
[WhiteElo "1617"]
[BlackElo "1993"]
[PlyCount "54"]
[EventDate "2018.02.15"]
[EventType "swiss"]
[EventRounds "7"]
[EventCountry "DEN"]
[SourceTitle "CBM 183 Extra"]
[Source "ChessBase"]
[SourceDate "2018.04.19"]
[SourceVersion "1"]
[SourceVersionDate "2018.04.19"]
[SourceQuality "1"]

1. e4 c5 2. Nc3 e6 3. Bc4 Nc6 4. a4 Nf6 5. d3 a6 6. Bg5 Be7 7. f4 h6 8. Bh4 Nxe4 9. Bxe7 Nxc3 10. Qg4 Nxe7 11. Qxg7 Rg8 12. Qxc3 d5 13. Bb3 Rxg2 14. Qxc5 Nc6 15. 0-0-0 Na5 16. Ba2 Bd7 17. Bxd5 Rc8 18. Qxc8 Qxc8 19. Bxg2 Bxa4 20. Kd2 Qxc2+ 21. Ke3 Qxd1 22. Nf3 Qc2 23. Rg1 Qxb2 24. Nd4 Nc6 25. Bxc6+ Bxc6 26. Rg8+ Ke7 27. Rb8 Qc1+ 0-1

[Event "Bronshoj Lang Weekend"]
[Site "Copenhagen"]
[Date "2018.02.16"]
[Round "2"]
[White "Andersen, Niels Erik"]
[Black "Stage Steffensen, Theo"]
[Result "1-0"]
[WhiteElo "1914"]
[BlackElo "1617"]
[PlyCount "49"]
[EventDate "2018.02.15"]
[EventType "swiss"]
[EventRounds "7"]
[EventCountry "DEN"]
[SourceTitle "CBM 183 Extra"]
[Source "ChessBase"]
[SourceDate "2018.04.19"]
[SourceVersion "1"]
[SourceVersionDate "2018.04.19"]
[SourceQuality "1"]

1. d4 Nf6 2. Nf3 e6 3. g3 d5 4. Bg2 c5 5. 0-0 b6 6. c4 dxc4 7. Qa4+ Qd7 8. Qxc4 Ba6 9. Qc2 cxd4 10. Ne5 Qd6 11. Bf4 Qd8 12. Bxa8 Bd6 13. Bg2 Bxe5 14. Bxe5 d3 15. exd3 Bxd3 16. Qd2 Bxf1 17. Qxd8+ Kxd8 18. Bxf1 Nc6 19. Bc3 Ke7 20. Bg2 Rc8 21. Na3 Na5 22. Rd1 g6 23. Bb4+ Ke8 24. Nb5 Rd8 25. Nc7# 1-0